000 00333cam a2200133ua 4500
020 _a9788120310032
082 _a004.1
_bRAJ/FU
100 _aRajaraman, V .
_91362
245 _aFundamentals of Computers /
250 _a4 th
260 _aNew Delhi :
_bPrentice Hall of India Pvt Ltd. ,
_c1998.
300 _a316 ; .
942 _cBK
999 _c12225
_d12225